Kódovacie systémy kategoriálnych premenných

Modelovanie kategoriálnych dát sa zaoberá vytváraním matematických modelov, ktoré umožňujú analýzu a predikciu hodnôt premenných s diskrétnymi kategóriami. Existuje niekoľko spôsobov modelovania kategoriálnych dát. Jedným z prístupov je použitie regresie s kategoriálnymi premennými, kde sa kategoriá...

Full description

Saved in:
Bibliographic Details
Main Author: Horváthová, Martina, 1998-
Format: Book Chapter
Language:Slovak
Subjects:
Tags: Add Tag
No Tags, Be the first to tag this record!

MARC

LEADER 00000naa$a2200000$$$4500
001 0297016
005 20240502083957.7
041 0 |a slo 
044 |a CZ 
245 1 0 |a Kódovacie systémy kategoriálnych premenných  |c Martina Horváthová 
520 |a Modelovanie kategoriálnych dát sa zaoberá vytváraním matematických modelov, ktoré umožňujú analýzu a predikciu hodnôt premenných s diskrétnymi kategóriami. Existuje niekoľko spôsobov modelovania kategoriálnych dát. Jedným z prístupov je použitie regresie s kategoriálnymi premennými, kde sa kategoriálne premenné zakódujú ako binárne premenné a použije sa regresný model na predikciu cieľovej premennej. Ďalším spôsobom je kategoriálne kódovanie, ktoré zakóduje kategoriálne hodnoty do spojitej reprezentácie. Kategoriálne dáta sa tiež často používajú na trénovanie klasifikačných modelov, ktoré priraďujú vzorky do preddefinovaných kategórií na základe ich vlastností. Ďalšou metódou je hľadanie asociačných pravidiel, ktoré odhaľujú vzťahy medzi kategoriálnymi premennými. 
610 2 0 |a poisťovníctvo 
610 2 0 |a dáta 
610 2 0 |a modelovanie 
100 1 |a Horváthová, Martina, 1998-